Building lean supply chains with the theory of constraints / (Record no. 351939)

000 -LEADER
fixed length control field 01253cam a22003614a 4500
001 - CONTROL NUMBER
control field 16964055
003 - CONTROL NUMBER IDENTIFIER
control field OSt
005 - DATE AND TIME OF LATEST TRANSACTION
control field 20180116183059.0
008 - FIXED-LENGTH DATA ELEMENTS--GENERAL INFORMATION
fixed length control field 110915s2012 nyua b 001 0 eng
010 ## - LIBRARY OF CONGRESS CONTROL NUMBER
LC control number 2011038559
020 ## - INTERNATIONAL STANDARD BOOK NUMBER
International Standard Book Number 9780071771214 (alk. paper)
020 ## - INTERNATIONAL STANDARD BOOK NUMBER
International Standard Book Number 0071771212 (alk. paper)
035 ## - SYSTEM CONTROL NUMBER
System control number (OCoLC)ocn721902705
040 ## - CATALOGING SOURCE
Original cataloging agency DLC
Transcribing agency DLC
Modifying agency YDX
-- BTCTA
-- YDXCP
-- BWX
-- OKN
-- CDX
-- DEBBG
-- DLC
042 ## - AUTHENTICATION CODE
Authentication code pcc
050 00 - LIBRARY OF CONGRESS CALL NUMBER
Classification number HD38.5
Item number .S6557 2012
082 00 - DEWEY DECIMAL CLASSIFICATION NUMBER
Classification number 658.7 SRI 2012
Edition number 23
084 ## - OTHER CLASSIFICATION NUMBER
Classification number QP 530
Number source rvk
100 1# - MAIN ENTRY--PERSONAL NAME
Personal name Srinivasan, Mandyam M.
245 10 - TITLE STATEMENT
Title Building lean supply chains with the theory of constraints /
Statement of responsibility, etc. Mandyam M. Srinivasan.
260 ## - PUBLICATION, DISTRIBUTION, ETC.
Place of publication, distribution, etc. New York :
Name of publisher, distributor, etc. McGraw-Hill,
Date of publication, distribution, etc. c2012.
300 ## - PHYSICAL DESCRIPTION
Extent xxv, 358 p. :
Other physical details ill. ;
Dimensions 24 cm.
440 ## - SERIES STATEMENT/ADDED ENTRY--TITLE
Title Building lean supply chains with the theory of constraints
500 ## - GENERAL NOTE
General note HB.
504 ## - BIBLIOGRAPHY, ETC. NOTE
Bibliography, etc. note Includes bibliographical references and index.
650 #0 - SUBJECT ADDED ENTRY--TOPICAL TERM
Topical term or geographic name entry element Business logistics.
650 #0 - SUBJECT ADDED ENTRY--TOPICAL TERM
Topical term or geographic name entry element Lean manufacturing.
650 #0 - SUBJECT ADDED ENTRY--TOPICAL TERM
Topical term or geographic name entry element Quality control.
650 #0 - SUBJECT ADDED ENTRY--TOPICAL TERM
Topical term or geographic name entry element Cost control.
906 ## - LOCAL DATA ELEMENT F, LDF (RLIN)
a 7
b cbc
c orignew
d 1
e ecip
f 20
g y-gencatlg
942 ## - ADDED ENTRY ELEMENTS (KOHA)
Source of classification or shelving scheme
Koha item type Book
Holdings
Withdrawn status Lost status Source of classification or shelving scheme Damaged status Not for loan Collection code Permanent Location Current Location Shelving location Date acquired Total Checkouts Full call number Barcode Date last seen Price effective from Koha item type
            Central Library (CL) Central Library (CL) General Stacks 11/29/2016   658.7 SRI 2012 NBS10237 11/29/2016 11/29/2016 Book
© 2023 Central Library, National University of Sciences and Technology. All Rights Reserved.